000 00697npc a2200229Ia 4500
001 te9-1484 [d000001487]
003 IT-MiCISF
008 161014s9999||||xx | und||
040 _aIT-MiCISF
_cIT-MiCISF
041 _aen
100 _aNijkamp P.
240 _aServices for the Elderly, Theoretical and Empirical Developments
245 0 _aServices for the Elderly, Theoretical and Empirical Developments
250 _a1a ed.
260 _a Amsterdam
_bVrije Universiteit
_c1989
300 _app. 28
500 _a / anziani, servizi-anziani, politiche-sociali, comparazione /
650 _aterza-età
700 _aVollering A.
942 _cDD
957 _71
999 _a1484
_bsi
_g1
_c205775
_d205775